
Library Catalogue

| 000 -LEADER | |
|---|---|
| fixed length control field | 01882nam a2200205Ia 4500 |
| 003 - CONTROL NUMBER IDENTIFIER | |
| control field | OSt |
| 005 - DATE AND TIME OF LATEST TRANSACTION | |
| control field | 20201229152531.0 |
| 008 - FIXED-LENGTH DATA ELEMENTS--GENERAL INFORMATION | |
| fixed length control field | 181128s2013 xx 000 0 und d |
| 020 ## - INTERNATIONAL STANDARD BOOK NUMBER | |
| International Standard Book Number | 9780198077619 |
| 040 ## - CATALOGING SOURCE | |
| Transcribing agency | nls |
| 082 ## - DEWEY DECIMAL CLASSIFICATION NUMBER | |
| Item number | DUB |
| 100 ## - MAIN ENTRY--PERSONAL NAME | |
| Personal name | Dube Saurabh |
| 245 ## - TITLE STATEMENT | |
| Title | Crime through time |
| 260 ## - PUBLICATION, DISTRIBUTION, ETC. | |
| Place of publication, distribution, etc. | New Delhi |
| Name of publisher, distributor, etc. | Oxford University Press |
| Date of publication, distribution, etc. | 2013 |
| 300 ## - PHYSICAL DESCRIPTION | |
| Extent | 309p |
| Other physical details | xxiii |
| Dimensions | HB |
| 500 ## - GENERAL NOTE | |
| General note | Crime - Social History |
| -- | Law Enforcement |
| 505 ## - FORMATTED CONTENTS NOTE | |
| Formatted contents note | Table of contents<br/>SERIES NOTE ; <br/>PREFACE ; <br/>ACKNOWLEDGEMENTS ; <br/>INTRODUCTION ; <br/>PART I. PRECOLONIAL PREMONITIONS: ; <br/>1. WRONGS AND RIGHTS IN THE MARATHA COUNTRY: ANTIQUITY, CUSTOM AND POWER IN EIGHTEENTH-CENTURY INDIA BY SUMIT GUHA ;<br/>2. THE BANDIT AS KING BY MALAVIKA KASTURI; ; <br/>PART II. COLONIAL CONCERNS: ; <br/>3. FRAMED, BLAMED AND RENAMED: THE RECASTING OF ISLAMIC JURISPRUDENCE IN MODERN ASIAN STUDIES BY SCOTT ALAN KUGLE ; <br/>4. DISCIPLINING AND POLICING THE 'CRIMINALS BY BIRTH': DEVELOPMENT OF A DISCIPLINARY SYSTEM, 1871-1900 BY SANJAY NIGAM ; <br/>5. CRIMINAL COMMUNITIES BY RADHIKA SINGHA ; <br/>6. POLICE AND PUBLIC ORDER BY RAJNARAYAN CHANDAVARKAR ; <br/>7. DISCIPLINING 'NATIVES': PRISONS AND PRISONERS IN EARLY NINETEENTH CENTURY INDIA BY ANAND A. YANG ; <br/>8. THE SELF AND THE CELL: INDIAN PRISON NARRATIVES AS LIFE HISTORIES BY DAVID ARNOLD ; <br/>PART III. LEGALITIES AND ILLEGALITIES: ; <br/>9. AMBIGUITY BY RANAJIT GUHA ; <br/>10. THE EMERGENCE OF FEMINISM IN INDIA, 1850-1920 BY PADMA ANAGOL ; <br/>11. TELLING TALES BY SAURABH DUBE ; PART IV. POSTCOLONIAL PREDILECTIONS ; <br/>12. OUTLAW WOMAN: THE POLITICS OF PHOOLAN DEVI BY RAJESWARI SUNDER RAJAN ; <br/>13. DEATH OF A KOTWAL: THE INJURIOUS POLITICS OF RECOGNITION BY ANUPAMA RAO ; <br/>14. SEMIOTICS OF TERROR: MUSLIM CHILDREN AND WOMEN IN HINDU RASHTRA BY TANIKA SARKAR ;<br/>ANNOTATED <br/>BIBLIOGRAPHY ; <br/>NOTES ON CONTRIBUTORS |
| 700 ## - ADDED ENTRY--PERSONAL NAME | |
| Personal name | Rao Anupama |
| 942 ## - ADDED ENTRY ELEMENTS (KOHA) | |
| Source of classification or shelving scheme | Dewey Decimal Classification |
| Koha item type | BOOKs |
| Withdrawn status | Lost status | Damaged status | Not for loan | Collection code | Home library | Current library | Shelving location | Date acquired | Cost, normal purchase price | Total Checkouts | Full call number | Barcode | Date last seen | Price effective from | Koha item type |
|---|---|---|---|---|---|---|---|---|---|---|---|---|---|---|---|
| . | . | 13.11.2018 | 0.00 | 364.9 DUB | 36141 | 29.11.2018 | 29.11.2018 | BOOKs |